Smallest Countries with Map - Statistics

General Stats
  • This quiz has been taken 9 times
  • The average score is 4 of 15
Answers on the Map
Answers color-coded by a green-red scale on the quiz's map according to % correct below.
 
Answer Stats
Answer % Correct
Nauru
75%
Tuvalu
63%
Maldives
38%
Malta
38%
Marshall Islands
38%
Monaco
38%
Antigua and Barbuda
25%
Seychelles
25%
Saint Vincent and the Grenadines
13%
Vatican city
13%
Barbados
0%
Grenada
0%
Liechtenstein
0%
Saint Kitts and Nevis
0%
San Marino
0%
No matching quizzes found
Score Distribution
Percent of People with Each Score
Percentile by Number Answered
Your Score History
You have not taken this quiz